| 000 | 00687cam a2200145 4500500 | ||
|---|---|---|---|
| 005 | 20260208005826.0 | ||
| 041 | _afre | ||
| 042 | _adc | ||
| 100 | 1 | 0 |
_aBerthier, Patrick _eauthor |
| 245 | 0 | 0 | _aMARIE DE FLAVIGNY, COMTESSE D’AGOULT, Correspondance générale. Tome II : 1837 - octobre 1839. Édition établie et annotée par CHARLES F. DUPÊCHEZ. Paris, Honoré Champion, 2004. Un vol. 14 × 19 de 624 p. |
| 260 | _c2005. | ||
| 500 | _a5 | ||
| 786 | 0 | _nRevue d'histoire littéraire de la France | 105 | 3 | 2005-06-01 | p. 655zd-764zd | 0035-2411 | |
| 856 | 4 | 1 | _uhttps://shs.cairn.info/revue-d-histoire-litteraire-de-la-france-2005-3-page-655zd?lang=fr&redirect-ssocas=7080 |
| 999 |
_c1653962 _d1653962 |
||